[Event "V Trofeo Giovanni Pico"]
[Site "Mirandola ITA"]
[Date "2012.01.14"]
[Round "2"]
[White "Cocuzzi, Edoardo"]
[Black "Gilevych, Artem"]
[Result "1/2-1/2"]
[WhiteElo "1971"]
[BlackElo "2279"]
[PlyCount "136"]
[EventDate "2012.01.13"]

1. e4 Nc6 2. a3 Nf6 3. Nc3 d5 4. exd5 Nxd5 5. Bb5 a6 6. Bxc6+ bxc6 7. Nge2 e5
8. d3 Bg4 9. f3 Be6 10. O-O Nxc3 11. Nxc3 Bc5+ 12. Kh1 O-O 13. Qe2 Bd4 14. Be3
Rb8 15. Rab1 Re8 16. Na4 f5 17. b4 Bf7 18. Qf2 a5 19. Bxd4 exd4 20. Nc5 axb4
21. Rxb4 Rxb4 22. axb4 Re3 23. Re1 Qe7 24. Rxe3 dxe3 25. Qe1 Qe5 26. Kg1 g5 27.
Na4 Qd4 28. Kf1 Qe5 29. g3 Bd5 30. Ke2 g4 31. fxg4 fxg4 32. Qc3 Qe6 33. Qd4
Bf3+ 34. Ke1 Qd6 35. Qxd6 cxd6 36. Nc3 d5 37. d4 Kf7 38. Nd1 e2 39. Nc3 Ke6 40.
Nxe2 Kf5 41. Nc3 h5 42. Kd2 h4 43. Ke3 h3 44. Kd3 Bg2 45. Ke3 Bf3 46. b5 cxb5
47. Nxb5 Kg5 48. Nd6 Bg2 49. c4 dxc4 50. Nxc4 Kf5 51. Nd2 Bd5 52. Kd3 Ba2 53.
Ke3 Ke6 54. Ne4 Bd5 55. Kd3 Kf5 56. Nc3 Bb7 57. Kc4 Bc8 58. Kc5 Ke6 59. Kc6
Bd7+ 60. Kc7 Be8 61. d5+ Ke5 62. d6 Kd4 63. Nd1 Ke4 64. d7 Bxd7 65. Kxd7 Kf3
66. Ke6 Kg2 67. Ne3+ Kxh2 68. Nxg4+ Kxg3 1/2-1/2

[Event "V Trofeo Giovanni Pico"]
[Site "Mirandola ITA"]
[Date "2012.01.14"]
[Round "2"]
[White "De Palma, Fabrizio"]
[Black "Malago', Federico"]
[Result "1/2-1/2"]
[WhiteElo "2075"]
[BlackElo "1877"]
[PlyCount "138"]
[EventDate "2012.01.13"]

1. d4 e6 2. c4 d5 3. Nf3 Nf6 4. Nc3 c6 5. e3 Bd6 6. Bd3 Nbd7 7. O-O Nf8 8. e4
dxe4 9. Nxe4 Nxe4 10. Bxe4 Ng6 11. Qc2 f5 12. Bd3 O-O 13. Bg5 Be7 14. Bxe7 Qxe7
15. Rfe1 Qf6 16. Rad1 Nf4 17. Bf1 g5 18. Ne5 Ng6 19. g3 Nxe5 20. dxe5 Qg7 21.
Kh1 f4 22. gxf4 Rxf4 23. Rd8+ Rf8 24. Rxf8+ Kxf8 25. Rd1 Bd7 26. Qd3 Be8 27.
Qd6+ Qe7 28. Bh3 Bh5 29. Rg1 Bf3+ 30. Bg2 Qxd6 31. exd6 Bxg2+ 32. Rxg2 h6 33.
h4 c5 34. hxg5 hxg5 35. Rxg5 b6 36. Rh5 Kg7 37. Rh3 Rd8 38. Ra3 Rd7 39. f4 Kf6
40. Rd3 Kf5 41. Kg2 Kxf4 42. Kf2 Ke5 43. Ke2 Rxd6 44. Rh3 a5 45. Re3+ Kf6 46.
Rf3+ Ke7 47. Rh3 Rd4 48. b3 Rf4 49. Rh7+ Rf7 50. Rh8 Kd6 51. Rb8 Kc7 52. Re8
Rh7 53. Rxe6 Rh2+ 54. Kd3 Rxa2 55. Kc3 a4 56. bxa4 Rxa4 57. Rh6 Ra3+ 58. Kb2
Rg3 59. Rf6 Kb7 60. Rh6 Ka6 61. Rf6 Ka5 62. Rh6 Kb4 63. Rxb6+ Kxc4 64. Rh6 Rg2+
65. Kc1 Kb3 66. Rh3+ Kb4 67. Rf3 c4 68. Rh3 c3 69. Rh8 Rg4 1/2-1/2

[Event "V Trofeo Giovanni Pico"]
[Site "Mirandola ITA"]
[Date "2012.01.14"]
[Round "2"]
[White "De Simone Sorrentino, Fabio"]
[Black "Pavesi, Paolo"]
[Result "0-1"]
[WhiteElo "1701"]
[BlackElo "1542"]
[PlyCount "64"]
[EventDate "2012.01.13"]

1. e4 g6 2. d4 Bg7 3. Nf3 d6 4. Bc4 h6 5. O-O Nd7 6. Re1 e5 7. c3 Ne7 8. Nbd2
O-O 9. dxe5 dxe5 10. Nf1 Kh7 11. Ne3 c6 12. Qc2 Qe8 13. Bd3 Ng8 14. Nc4 Qe7 15.
Be3 b5 16. Na5 Qe6 17. c4 Ba6 18. Red1 Ne7 19. Nd2 f5 20. Ndb3 f4 21. Nc5 Nxc5
22. Bxc5 f3 23. g3 h5 24. Bf1 h4 25. Bxe7 Qxe7 26. Nxc6 Qg5 27. cxb5 hxg3 28.
hxg3 Bc8 29. Qd2 Qh5 30. Qd6 Bh3 31. Qe7 Bxf1 32. Kxf1 Qh1# 0-1

[Event "V Trofeo Giovanni Pico"]
[Site "Mirandola ITA"]
[Date "2012.01.14"]
[Round "2"]
[White "Dionigi, Riccardo"]
[Black "Chiarion, Elisa"]
[Result "1/2-1/2"]
[WhiteElo "1865"]
[BlackElo "2003"]
[PlyCount "49"]
[EventDate "2012.01.13"]

1. d4 d5 2. c4 e6 3. Nc3 c6 4. e3 f5 5. Bd3 Bd6 6. Nge2 Nf6 7. f3 O-O 8. O-O
Bd7 9. c5 Bc7 10. Qc2 Qe8 11. b4 g5 12. a4 Qh5 13. Ng3 Qh4 14. Qf2 Nh5 15. Nce2
Ng7 16. f4 g4 17. Rd1 Be8 18. Nf1 Qf6 19. Ba3 Rf7 20. Rdb1 Nd7 21. Nc3 Nf8 22.
b5 Ng6 23. bxc6 Bxc6 24. Nb5 Ne8 25. Nxc7 1/2-1/2

[Event "V Trofeo Giovanni Pico"]
[Site "Mirandola ITA"]
[Date "2012.01.14"]
[Round "2"]
[White "Gerace, Agostino"]
[Black "Debernardi, Marco"]
[Result "1-0"]
[WhiteElo "1550"]
[BlackElo "1701"]
[PlyCount "129"]
[EventDate "2012.01.13"]

1. e4 c5 2. Nf3 Nc6 3. Bb5 g6 4. O-O Bg7 5. Re1 Nf6 6. Bxc6 bxc6 7. e5 Nd5 8.
d4 cxd4 9. Nxd4 O-O 10. c4 Nb6 11. Qc2 d6 12. Nxc6 Qc7 13. Na5 Bxe5 14. f4 Bf6
15. Kh1 Qc5 16. Bd2 Be6 17. Na3 Rfc8 18. b4 Qf5 19. Rac1 Qxc2 20. Rxc2 Bf5 21.
b5 Bxc2 22. Nxc2 Nxc4 23. Nxc4 Rxc4 24. Ne3 Ra4 25. Nd5 Rxa2 26. Be3 Rb8 27.
Rb1 Ra1 28. Nxf6+ exf6 29. Rxa1 Rxb5 30. Bxa7 d5 31. Bd4 Kg7 32. h3 Rb4 33. Rd1
Rb5 34. Kh2 Ra5 35. Rd2 Ra4 36. g4 h6 37. g5 hxg5 38. fxg5 Kg8 39. Bxf6 Ra5 40.
Kg2 Kf8 41. Rd3 Ke8 42. Kf3 Kd7 43. h4 Kc6 44. Kf4 Kc5 45. Ke3 Ra4 46. Be7+ Kc6
47. Rd4 Ra1 48. Bf6 Ra3+ 49. Rd3 Ra4 50. Bd4 Ra2 51. Rd2 Ra3+ 52. Kf4 Ra4 53.
Ke5 Ra3 54. Rc2+ Kd7 55. Kxd5 Rh3 56. Ra2 Rxh4 57. Ra7+ Ke8 58. Bf6 Rh1 59.
Ra8+ Kd7 60. Rf8 Rd1+ 61. Bd4 Ke7 62. Ra8 Rf1 63. Ra7+ Ke8 64. Kd6 f5 65. Ke6
1-0

[Event "V Trofeo Giovanni Pico"]
[Site "Mirandola ITA"]
[Date "2012.01.14"]
[Round "2"]
[White "Gualtieri, Primo"]
[Black "Mantovani, Enrico"]
[Result "1/2-1/2"]
[WhiteElo "1629"]
[BlackElo "1810"]
[PlyCount "56"]
[EventDate "2012.01.13"]

1. d4 Nf6 2. Nf3 e6 3. Bf4 c5 4. e3 d5 5. Nbd2 Bd6 6. Ne5 a6 7. c3 O-O 8. Bd3
Qc7 9. Ndf3 Nbd7 10. O-O Re8 11. g4 b6 12. g5 Nh5 13. Kh1 g6 14. Rg1 Bb7 15.
Nxd7 Bxf4 16. Nfe5 Bc6 17. Be2 Bxd7 18. Nxd7 Qxd7 19. Bxh5 Bd6 20. Bg4 Rac8 21.
Qf3 cxd4 22. exd4 b5 23. Qxd5 Qc7 24. Qf3 Bxh2 25. Rg2 Bd6 26. Qe3 Qa5 27. d5
e5 28. Bxc8 Rxc8 1/2-1/2

[Event "V Trofeo Giovanni Pico"]
[Site "Mirandola ITA"]
[Date "2012.01.14"]
[Round "2"]
[White "Gurschler, Gregor"]
[Black "Gulinelli, Euro"]
[Result "1-0"]
[WhiteElo "1937"]
[BlackElo "1635"]
[PlyCount "97"]
[EventDate "2012.01.13"]

1. Nf3 Nf6 2. g3 g6 3. Bg2 Bg7 4. O-O O-O 5. d3 d5 6. c3 Nbd7 7. Nbd2 c5 8. e4
dxe4 9. Nxe4 Nxe4 10. dxe4 e5 11. Bg5 Qc7 12. Qd2 Nf6 13. Rfe1 Rd8 14. Qe2 Be6
15. h3 Rd7 16. c4 Rad8 17. b3 h6 18. Bc1 g5 19. g4 Rd3 20. Bb2 Ne8 21. Red1
Rxd1+ 22. Rxd1 f6 23. Rxd8 Qxd8 24. Nd2 Nc7 25. Nb1 Bf7 26. Nc3 Ne6 27. Nd5 Nd4
28. Bxd4 exd4 29. Qd3 b6 30. a3 Bxd5 31. exd5 Qd6 32. Bf1 Qe5 33. Qg6 Qe1 34.
Kg2 Qe7 35. Bd3 a6 36. Qf5 a5 37. Qc8+ Bf8 38. Qc6 Qd6 39. Qb7 Be7 40. Qc8+ Bf8
41. Qf5 Bg7 42. a4 Qe7 43. Qh7+ Kf8 44. Bf5 Qe5 45. Be6 Qe2 46. Qg8+ Ke7 47.
Qxg7+ Kd6 48. Qd7+ Ke5 49. Qc7+ 1-0

[Event "V Trofeo Giovanni Pico"]
[Site "Mirandola ITA"]
[Date "2012.01.14"]
[Round "2"]
[White "Jimchi, Abdelaziz"]
[Black "Traversi, Carlo"]
[Result "0-1"]
[WhiteElo "1821"]
[BlackElo "1629"]
[PlyCount "42"]
[EventDate "2012.01.13"]

1. d4 Nf6 2. Nf3 d5 3. Bf4 e6 4. e3 Bd6 5. Bg3 Bd7 6. Bd3 Nc6 7. c3 a6 8. Nbd2
b5 9. a3 Ne7 10. Ne5 Bc8 11. Ndf3 Bb7 12. Qc2 h6 13. h3 Ne4 14. Bxe4 dxe4 15.
Nd2 f6 16. Ng4 h5 17. Bxd6 cxd6 18. Nh2 f5 19. O-O Rc8 20. Qb3 Bd5 21. Qb4 Nc6
0-1

[Event "V Trofeo Giovanni Pico"]
[Site "Mirandola ITA"]
[Date "2012.01.14"]
[Round "2"]
[White "Marani, Luca"]
[Black "Guandalini, Sergio"]
[Result "1-0"]
[WhiteElo "1835"]
[BlackElo "1649"]
[PlyCount "71"]
[EventDate "2012.01.13"]

1. e4 e5 2. Nf3 Nc6 3. Bc4 Bc5 4. c3 d6 5. O-O Be6 6. Bb5 a6 7. Ba4 b5 8. Bc2
Bg4 9. Bb3 Nf6 10. Re1 O-O 11. d3 h6 12. Be3 Ba7 13. Nbd2 Nd7 14. Bd5 Ndb8 15.
a4 Bxe3 16. fxe3 Ra7 17. axb5 axb5 18. Rxa7 Nxa7 19. Qa1 Nbc6 20. Qa6 Qd7 21.
Rf1 Rb8 22. Bxf7+ Qxf7 23. Nxe5 Qxf1+ 24. Nxf1 dxe5 25. d4 exd4 26. exd4 Ra8
27. Ne3 Bd7 28. Qb7 Rf8 29. d5 Bc8 30. Qxc7 Rf7 31. Qd6 Na5 32. Qd8+ Kh7 33.
Qxa5 Re7 34. d6 Rxe4 35. Qxa7 Ra4 36. d7 1-0

[Event "V Trofeo Giovanni Pico"]
[Site "Mirandola ITA"]
[Date "2012.01.14"]
[Round "2"]
[White "Moi, Roberto"]
[Black "Campini, Marco"]
[Result "0-1"]
[WhiteElo "1931"]
[BlackElo "2092"]
[PlyCount "80"]
[EventDate "2012.01.13"]

1. d4 d5 2. c4 e6 3. Nc3 Be7 4. cxd5 exd5 5. Bf4 Nf6 6. e3 O-O 7. Bd3 b6 8. Nf3
c5 9. Rc1 c4 10. Be2 a6 11. Ne5 b5 12. a3 Qb6 13. Bf3 Rd8 14. O-O Be6 15. Bg5
Ra7 16. Qc2 Ne8 17. Bxe7 Rxe7 18. Be2 f6 19. Nf3 Nd6 20. Nd2 Nf7 21. b3 Nd6 22.
Qb2 Qa7 23. bxc4 bxc4 24. Bf3 Nb5 25. Na4 Nd7 26. Qb4 Kf7 27. Nb1 Rb8 28. Qd2
Qc7 29. Nac3 Qd6 30. Qa2 Na7 31. Nd2 Ree8 32. Rb1 Nb5 33. Nxb5 Rxb5 34. Rxb5
axb5 35. Rb1 Ra8 36. Rxb5 Rxa3 37. Qb1 Qa6 38. Qb4 Ra1+ 39. Nf1 c3 40. Qxc3
Rxf1+ 0-1

[Event "V Trofeo Giovanni Pico"]
[Site "Mirandola ITA"]
[Date "2012.01.14"]
[Round "2"]
[White "Niccoli, Paolo"]
[Black "Di Trapani, Luigi"]
[Result "1-0"]
[WhiteElo "1986"]
[BlackElo "1556"]
[PlyCount "41"]
[EventDate "2012.01.13"]

1. e4 d6 2. d4 Nf6 3. Nc3 e5 4. Nf3 Nbd7 5. Bc4 Be7 6. O-O O-O 7. Re1 c6 8. a4
a5 9. Bg5 b6 10. d5 Bb7 11. dxc6 Bxc6 12. Qd2 Nc5 13. Bxf6 Bxf6 14. Rad1 Nb7
15. Bd5 Rc8 16. Bxc6 Rxc6 17. Qd5 Qd7 18. Nxe5 Bxe5 19. Qxe5 Re8 20. Qd5 Re5
21. Qxe5 1-0

[Event "V Trofeo Giovanni Pico"]
[Site "Mirandola ITA"]
[Date "2012.01.14"]
[Round "2"]
[White "Paoli, Walter"]
[Black "Mangili, Davide"]
[Result "0-1"]
[WhiteElo "2058"]
[BlackElo "1846"]
[PlyCount "118"]
[EventDate "2012.01.13"]

1. e4 d6 2. d4 Nf6 3. Nc3 g6 4. f3 c6 5. a4 Nbd7 6. Bc4 e5 7. Nge2 Bg7 8. Be3
Nh5 9. Qd2 exd4 10. Bxd4 Ne5 11. Bb3 Qh4+ 12. Bf2 Qe7 13. Rd1 Bh3 14. O-O Nxf3+
15. gxf3 Bxf1 16. Kxf1 Rd8 17. Ng3 Qh4 18. Nxh5 Qxh5 19. Qf4 O-O 20. Kg2 Be5
21. Qh4 Qxh4 22. Bxh4 Rd7 23. Bf2 a6 24. a5 Kg7 25. Na4 Rdd8 26. c3 f5 27. exf5
Rxf5 28. Nc5 Kh8 29. Bh4 Re8 30. Ne4 d5 31. Nc5 Bd6 32. Ne4 Bc7 33. Ng3 Bxg3
34. Kxg3 g5 35. Kg4 Ref8 36. Bxg5 Rxf3 37. Rd2 Rf1 38. Rg2 Rg8 39. Kh5 Rgf8 40.
c4 R1f3 41. cxd5 Rxb3 42. d6 Rd3 43. Be7 Rf7 44. b4 h6 45. Rg3 Rd2 46. h3 Kh7
47. Rg4 Rf3 48. Kh4 Rdd3 49. Re4 Rxh3+ 50. Kg4 h5+ 51. Kf5 h4 52. Ke6 Rhe3 53.
Kf5 Rd5+ 54. Kf4 Red3 55. Re2 R3d4+ 56. Re4 Rxe4+ 57. Kxe4 Kg6 58. Bxh4 Rxd6
59. Be7 Re6+ 0-1

[Event "V Trofeo Giovanni Pico"]
[Site "Mirandola ITA"]
[Date "2012.01.14"]
[Round "2"]
[White "Pomante, Sergio"]
[Black "Negro, Raffaele"]
[Result "1-0"]
[WhiteElo "1642"]
[BlackElo "1843"]
[PlyCount "96"]
[EventDate "2012.01.13"]

1. e4 d5 2. exd5 Qxd5 3. Nc3 Qd6 4. d3 Nf6 5. Be2 Nc6 6. Nb5 Qb4+ 7. Nc3 Bf5 8.
Bd2 e6 9. Nd5 Qd6 10. Nxf6+ gxf6 11. Nf3 e5 12. Nh4 Be6 13. Bg4 Nd4 14. Bxe6
Qxe6 15. c3 Nc6 16. Qf3 O-O-O 17. O-O-O Qxa2 18. Qxf6 Qa1+ 19. Kc2 Qa4+ 20. Kb1
Be7 21. Qf5+ Kb8 22. Nf3 Qb5 23. d4 Ba3 24. Bc1 Rd5 25. c4 Qxc4 26. bxa3 exd4
27. Qd3 Rb5+ 28. Bb2 Qd5 29. Nxd4 Nxd4 30. Qxd4 Qf5+ 31. Ka1 Rc8 32. Rd3 a6 33.
Rhd1 c5 34. Qe5+ Qxe5 35. Bxe5+ Ka7 36. Rd7 Re8 37. f4 f6 38. Bxf6 Re2 39. R7d2
Re3 40. Rd3 Re4 41. g3 a5 42. Be5 c4 43. Rd4 Re2 44. R1d2 Re1+ 45. Ka2 c3 46.
Rc2 Reb1 47. Rc4 R5b3 48. R4xc3 a4 1-0

[Event "V Trofeo Giovanni Pico"]
[Site "Mirandola ITA"]
[Date "2012.01.14"]
[Round "2"]
[White "Rubbiani, Samuel"]
[Black "Santamato, Luigi"]
[Result "0-1"]
[WhiteElo "1614"]
[BlackElo "1717"]
[PlyCount "98"]
[EventDate "2012.01.13"]

1. e4 c6 2. d4 d5 3. e5 c5 4. dxc5 e6 5. Be3 Qc7 6. Nf3 Nh6 7. Bxh6 gxh6 8. Bd3
Nd7 9. Bb5 Qxc5 10. Bxd7+ Bxd7 11. O-O Bg7 12. Re1 O-O 13. Nbd2 Ba4 14. b3 Bb5
15. a4 Ba6 16. Rc1 Rfd8 17. c3 b5 18. b4 Qc7 19. a5 Rac8 20. Nb1 Bb7 21. Qd4 a6
22. Nbd2 Qe7 23. Re3 Re8 24. Rce1 Rc6 25. Nh4 Qg5 26. Rg3 Qh5 27. Nhf3 Qf5 28.
Rc1 Kh8 29. Qa7 Rc7 30. Re1 Qf4 31. Kf1 d4 32. cxd4 Rec8 33. Re3 Bxf3 34. Rgxf3
Qxf3 35. Rxf3 Rxa7 36. Ne4 Kg8 37. Nc5 Bf8 38. Ke2 Bxc5 39. dxc5 Rd8 40. Rd3
Rxd3 41. Kxd3 Rd7+ 42. Kc3 Kf8 43. f4 Ke7 44. g4 f6 45. h4 fxe5 46. fxe5 Rd5
47. h5 Rxe5 48. Kd4 Rd5+ 49. Ke4 Kf6 0-1

[Event "V Trofeo Giovanni Pico"]
[Site "Mirandola ITA"]
[Date "2012.01.14"]
[Round "2"]
[White "Sacchetti, Andrea"]
[Black "Fragni, Enrico"]
[Result "1/2-1/2"]
[WhiteElo "1873"]
[BlackElo "1667"]
[PlyCount "64"]
[EventDate "2012.01.13"]

1. d4 d5 2. c4 c6 3. cxd5 cxd5 4. Nf3 Nf6 5. Nc3 Nc6 6. Bf4 a6 7. e3 e6 8. Bd3
Nh5 9. Bg3 Nxg3 10. hxg3 g6 11. a3 Bg7 12. O-O O-O 13. Qb3 b5 14. Rac1 Bd7 15.
Be2 Na5 16. Qa2 Qb6 17. b4 Nc4 18. Ne1 a5 19. Bxc4 bxc4 20. Qd2 axb4 21. axb4
Bc6 22. Nc2 Rfd8 23. Ra1 Bf8 24. Rfb1 Rxa1 25. Rxa1 Ra8 26. Qc1 Bd6 27. Rxa8+
Bxa8 28. Qa3 Bb7 29. Kf1 Qc6 30. Ne1 Bc7 31. Qa7 Kg7 32. Qc5 Bd6 1/2-1/2

[Event "V Trofeo Giovanni Pico"]
[Site "Mirandola ITA"]
[Date "2012.01.14"]
[Round "2"]
[White "Sagripanti, Michele"]
[Black "Solinas, Roberto"]
[Result "1-0"]
[WhiteElo "1987"]
[BlackElo "1732"]
[PlyCount "139"]
[EventDate "2012.01.13"]

1. e4 g6 2. d4 Bg7 3. Nf3 c6 4. c4 d6 5. Nc3 Bg4 6. Be3 Nd7 7. Be2 e5 8. d5 Qc7
9. Qd2 a6 10. dxc6 bxc6 11. Rd1 Bf8 12. O-O h5 13. h3 Bxf3 14. Bxf3 Rd8 15. Be2
Nc5 16. f4 Nf6 17. Bxc5 dxc5 18. Qxd8+ Qxd8 19. Rxd8+ Kxd8 20. fxe5 Nd7 21.
Rxf7 Nxe5 22. Ra7 Kc8 23. Rxa6 Kb7 24. Ra4 Bh6 25. Ra3 Rd8 26. Na4 Bf8 27. Rg3
Rd2 28. Kf1 Bd6 29. Rg5 Rd4 30. Nxc5+ Bxc5 31. Rxe5 Kb6 32. a3 Rd2 33. b4 Be3
34. Re7 c5 35. Re6+ Kc7 36. Rxg6 cxb4 37. axb4 Rb2 38. Bxh5 Rxb4 39. Rg7+ Kd6
40. Bf7 Rb2 41. Bd5 Ke5 42. Rg3 Kd4 43. Rxe3 Kxe3 44. Kg1 Kf4 45. Kh2 Rc2 46.
h4 Kg4 47. e5 Kxh4 48. e6 Rc3 49. Bc6 Re3 50. Bd7 Kg5 51. c5 Kf6 52. c6 Rc3 53.
g3 Ke7 54. Kh3 Kd6 55. Kh4 Rc1 56. g4 Ke7 57. Kg5 Rc5+ 58. Kg6 Rc3 59. g5 Rc4
60. Kg7 Rc1 61. g6 Rc2 62. Kg8 Rc1 63. g7 Rc3 64. c7 Rxc7 65. Kh8 Rc1 66. g8=Q
Rh1+ 67. Qh7+ Rxh7+ 68. Kxh7 Kf8 69. Kg6 Ke7 70. Kf5 1-0

[Event "V Trofeo Giovanni Pico"]
[Site "Mirandola ITA"]
[Date "2012.01.14"]
[Round "2"]
[White "Sasdelli, Massimo"]
[Black "Dobboletta, Alex"]
[Result "0-1"]
[WhiteElo "1840"]
[BlackElo "1986"]
[PlyCount "116"]
[EventDate "2012.01.13"]

1. c4 Nf6 2. g3 g6 3. Bg2 Bg7 4. Nc3 d6 5. d3 O-O 6. e4 c5 7. Nge2 Nc6 8. O-O
a6 9. Rb1 Bd7 10. a3 Rb8 11. b4 cxb4 12. axb4 b5 13. cxb5 axb5 14. h3 Ne8 15.
Kh2 Nc7 16. Bd2 Na6 17. Nd5 e6 18. Ne3 Qe7 19. f4 Ra8 20. Be1 Nc7 21. d4 Ra4
22. d5 exd5 23. Nxd5 Nxd5 24. Qxd5 Rfa8 25. Rd1 Ra2 26. Nc3 Rc2 27. Nxb5 Raa2
28. Rg1 Qe6 29. Qxe6 Bxe6 30. g4 Bc4 31. Nxd6 Bd4 32. Nxc4 Bxg1+ 33. Kxg1 Rxg2+
34. Kf1 Rh2 35. Rd2 Raxd2 36. Nxd2 Rxh3 37. Kg2 Ra3 38. b5 Nd4 39. b6 Ra2 40.
Bf2 Rxd2 41. b7 Rb2 42. b8=Q+ Rxb8 43. Bxd4 Rb4 44. Bf6 Rxe4 45. Kf3 Ra4 46. g5
Kf8 47. Kg4 Ke8 48. Bg7 Kd7 49. Bf6 Ke6 50. Bg7 Rb4 51. Bf8 Rb1 52. Bg7 Rg1+
53. Kf3 Kf5 54. Bd4 Rb1 55. Be5 Rb3+ 56. Kf2 Kg4 57. Kg2 Rf3 58. Bc7 Rxf4 0-1

[Event "V Trofeo Giovanni Pico"]
[Site "Mirandola ITA"]
[Date "2012.01.14"]
[Round "2"]
[White "Setti, Roberto"]
[Black "Medici, Simone"]
[Result "0-1"]
[WhiteElo "1957"]
[BlackElo "2122"]
[PlyCount "114"]
[EventDate "2012.01.13"]

1. c3 d5 2. Nf3 c5 3. d4 e6 4. Bf4 Nc6 5. e3 Nf6 6. Nbd2 h6 7. Ne5 Be7 8. Bb5
Bd7 9. Nxd7 Nxd7 10. Qa4 Qb6 11. O-O O-O 12. Rab1 Rfc8 13. Rfc1 a6 14. Be2 Qa7
15. Qd1 b5 16. Bf3 f5 17. h3 g5 18. Bh2 Nf6 19. dxc5 Bxc5 20. Nb3 Bb6 21. Nd4
Qd7 22. Rc2 Bc7 23. Bxc7 Rxc7 24. b3 Ne5 25. Rbc1 Rac8 26. Be2 Ne4 27. Qe1 Nc5
28. Qf1 Ne4 29. Qe1 Nc6 30. f3 Nd6 31. Qd2 Ne7 32. Bf1 e5 33. Ne2 Qc6 34. Ng3
Qb6 35. Kh1 f4 36. exf4 gxf4 37. Nh5 Ndf5 38. g4 fxg3 39. Bd3 Qe3 40. Qxe3 Nxe3
41. Re2 g2+ 42. Kh2 d4 43. c4 N7d5 44. Be4 Nf4 45. Nxf4 exf4 46. Rce1 bxc4 47.
bxc4 Rxc4 48. Rxe3 fxe3 49. Bd5+ Kg7 50. Bxc4 Rxc4 51. Kxg2 Rc2+ 52. Kg3 Rxa2
53. Kf4 Rd2 54. Ke4 e2 55. f4 d3 56. Rg1+ Kf7 57. Ke3 Rd1 0-1

[Event "V Trofeo Giovanni Pico"]
[Site "Mirandola ITA"]
[Date "2012.01.14"]
[Round "2"]
[White "Varzi, Florian"]
[Black "Caramaschi, Vincenzo"]
[Result "1-0"]
[WhiteElo "1730"]
[BlackElo "1617"]
[PlyCount "47"]
[EventDate "2012.01.13"]

1. d4 Nf6 2. c4 d5 3. cxd5 Nxd5 4. e4 Nb6 5. Nc3 Nc6 6. Be3 e6 7. f4 Bb4 8. a3
Be7 9. Nf3 Bd7 10. Bd3 Na5 11. Qe2 a6 12. b4 Nc6 13. O-O a5 14. d5 Nb8 15. dxe6
Bxe6 16. Rfd1 N8d7 17. bxa5 Rxa5 18. Bxb6 cxb6 19. Bb5 Bxa3 20. f5 Bc5+ 21. Kh1
Rxa1 22. Rxa1 Bb3 23. Ne5 O-O 24. Nxd7 1-0

[Event "V Trofeo Giovanni Pico"]
[Site "Mirandola ITA"]
[Date "2012.01.14"]
[Round "2"]
[White "Vincenzi, Marco"]
[Black "Wang, Cesare"]
[Result "1-0"]
[WhiteElo "2121"]
[BlackElo "1674"]
[PlyCount "98"]
[EventDate "2012.01.13"]

1. e4 c6 2. d4 d5 3. e5 Bf5 4. Nf3 e6 5. Be2 Nd7 6. O-O c5 7. Be3 Qc7 8. c3
Bxb1 9. Rxb1 Ne7 10. c4 cxd4 11. Bxd4 dxc4 12. Rc1 Nc6 13. Bxc4 Be7 14. Bd3 Qd8
15. Bb1 O-O 16. Bc3 Qc7 17. Re1 Rad8 18. Qc2 g6 19. h4 Rfe8 20. h5 Bf8 21. Ng5
Bg7 22. f4 Nf8 23. Ne4 Nd4 24. Qf2 Nc6 25. Bb4 Qb6 26. Bc5 Qa5 27. Nd6 Re7 28.
Nc4 Qa6 29. Bxe7 Nxe7 30. Nd6 f6 31. Rc7 Nd5 32. Rxb7 Qa4 33. Rxa7 Qxf4 34.
Qxf4 Nxf4 35. hxg6 hxg6 36. Ne4 fxe5 37. b4 Rb8 38. a3 Nd5 39. Rf1 Rb6 40. Rff7
Bh6 41. Ba2 Rc6 42. Bxd5 exd5 43. Nc5 Rc8 44. Kf2 Rd8 45. b5 Rc8 46. Rfc7 Re8
47. b6 e4 48. b7 e3+ 49. Ke2 d4 1-0

[Event "V Trofeo Giovanni Pico"]
[Site "Mirandola ITA"]
[Date "2012.01.14"]
[Round "2"]
[White "Zuccaro, Guido"]
[Black "Guaragno, Michele"]
[Result "0-1"]
[WhiteElo "1769"]
[BlackElo "1956"]
[PlyCount "58"]
[EventDate "2012.01.13"]

1. c4 c5 2. Nc3 e6 3. g3 d5 4. cxd5 exd5 5. d4 c4 6. Bg2 Be6 7. e4 dxe4 8. Bxe4
Qc7 9. Nge2 Nf6 10. Bg2 Be7 11. O-O O-O 12. Bf4 Qd7 13. Re1 Bh3 14. Bh1 Nc6 15.
d5 Nb4 16. Qd2 Nd3 17. Red1 Ng4 18. Be3 Nxe3 19. fxe3 Bc5 20. Nf4 Rfe8 21. Re1
Nxf4 22. gxf4 Qg4+ 23. Bg2 Bxg2 24. Qxg2 Qxf4 25. Kh1 Rxe3 26. Rg1 Qh6 27. Raf1
Rae8 28. Na4 Re2 29. Qg3 Bd6 0-1

[Event "V Trofeo Giovanni Pico"]
[Site "Mirandola ITA"]
[Date "2012.01.14"]
[Round "3"]
[White "Campini, Marco"]
[Black "Niccoli, Paolo"]
[Result "1-0"]
[WhiteElo "2092"]
[BlackElo "1986"]
[PlyCount "63"]
[EventDate "2012.01.13"]

1. e4 c5 2. Nc3 Nc6 3. g3 g6 4. Bg2 Bg7 5. d3 e6 6. Nh3 Nge7 7. Be3 b6 8. Bg5
h6 9. Bf4 d5 10. exd5 Nxd5 11. Nxd5 exd5 12. O-O O-O 13. c3 g5 14. Be3 Qd6 15.
f4 g4 16. Nf2 Re8 17. Re1 h5 18. Qa4 Bd7 19. Qa3 Na5 20. Bd2 Bc6 21. Rac1 Nb7
22. Rxe8+ Bxe8 23. Re1 a5 24. Qb3 Rd8 25. f5 c4 26. Qc2 cxd3 27. Nxd3 Nc5 28.
Nf4 Ne4 29. Nxh5 Be5 30. Bxe4 dxe4 31. Qxe4 f6 32. Qxg4+ 1-0

[Event "V Trofeo Giovanni Pico"]
[Site "Mirandola ITA"]
[Date "2012.01.14"]
[Round "3"]
[White "Chiarion, Elisa"]
[Black "Pomante, Sergio"]
[Result "1-0"]
[WhiteElo "2003"]
[BlackElo "1642"]
[PlyCount "73"]
[EventDate "2012.01.13"]

1. e4 c5 2. Nf3 d6 3. d4 cxd4 4. Nxd4 Nf6 5. Nc3 g6 6. Be3 Bg7 7. f3 O-O 8. Qd2
Nc6 9. O-O-O Ne5 10. h4 h5 11. g4 a6 12. gxh5 Nxh5 13. Bh6 b5 14. Rg1 Be6 15.
Bxg7 Kxg7 16. Qg5 Kh7 17. f4 Bg4 18. Nf5 Bxd1 19. Qh6+ Kg8 20. Nd5 Ra7 21. Kxd1
e6 22. fxe5 dxe5 23. Qxh5 exd5 24. Qh6 dxe4+ 25. Kc1 Qf6 26. Bh3 Rc7 27. h5 Rc6
28. hxg6 fxg6 29. Rxg6+ Qxg6 30. Ne7+ Kf7 31. Nxg6 Rxg6 32. Qh7+ Kf6 33. Qd7
Rg1+ 34. Kd2 e3+ 35. Kxe3 Kg6 36. Qe6+ Rf6 37. Qg8+ 1-0

[Event "V Trofeo Giovanni Pico"]
[Site "Mirandola ITA"]
[Date "2012.01.14"]
[Round "3"]
[White "Di Trapani, Davide"]
[Black "Mangili, Davide"]
[Result "1-0"]
[WhiteElo "2069"]
[BlackElo "1846"]
[PlyCount "83"]
[EventDate "2012.01.13"]

1. e4 d6 2. d4 Nf6 3. Nc3 g6 4. Be2 c6 5. Be3 b5 6. e5 dxe5 7. dxe5 Qxd1+ 8.
Rxd1 Ng4 9. Bd4 Bg7 10. h3 Nh6 11. Bf3 a6 12. g4 Be6 13. Nge2 f6 14. exf6 Bxf6
15. Nf4 Bd7 16. Bxf6 exf6 17. O-O Nf7 18. Rfe1+ Kf8 19. Ne4 Ne5 20. Bg2 Kg7 21.
g5 fxg5 22. Nxg5 Re8 23. Nge6+ Bxe6 24. Rxe5 Bf7 25. Rxe8 Bxe8 26. Ne6+ Kf6 27.
Rd8 Kxe6 28. Rxe8+ Kd7 29. Rh8 Kc7 30. Rxh7+ Nd7 31. Rg7 Re8 32. Rxg6 Re1+ 33.
Kh2 Ne5 34. Rg7+ Kb6 35. h4 Re2 36. f4 Nf3+ 37. Kg3 Ne1 38. Bf1 Rxc2 39. h5 Rd2
40. h6 Rd8 41. h7 Rh8 42. f5 1-0

[Event "V Trofeo Giovanni Pico"]
[Site "Mirandola ITA"]
[Date "2012.01.14"]
[Round "3"]
[White "Di Trapani, Luigi"]
[Black "Tazzioli, Luca"]
[Result "0-1"]
[WhiteElo "1556"]
[BlackElo "1873"]
[PlyCount "134"]
[EventDate "2012.01.13"]

1. d4 d5 2. Nf3 Nf6 3. e3 Bf5 4. Bd3 Bxd3 5. Qxd3 c6 6. b3 e6 7. O-O Bd6 8. Ba3
Bxa3 9. Nxa3 Qd6 10. Nb1 Nbd7 11. Nbd2 O-O 12. c4 Rfe8 13. Rfd1 Rad8 14. cxd5
exd5 15. b4 Ne4 16. a4 Rc8 17. b5 cxb5 18. axb5 Qb6 19. Rdc1 Nd6 20. Rab1 Rxc1+
21. Rxc1 Qxb5 22. Qxb5 Nxb5 23. Nb3 f6 24. Kf1 Kf7 25. Ke2 Ke7 26. Kd3 Nd6 27.
Nfd2 Rc8 28. Rxc8 Nxc8 29. e4 dxe4+ 30. Nxe4 b6 31. Kc4 Nd6+ 32. Nxd6 Kxd6 33.
Kb5 Kd5 34. Ka6 Kc4 35. Nd2+ Kxd4 36. Kxa7 Kd3 37. Nb3 Ke2 38. f3 Kf2 39. Nd4
Kxg2 40. Kb7 Kxh2 41. Kc7 Ne5 42. f4 Nd3 43. f5 g6 44. Kxb6 Kg3 45. Kc6 Kf4 46.
fxg6 hxg6 47. Kd5 f5 48. Ne6+ Kg4 49. Kd4 Nf4 50. Ng7 Nh5 51. Ne6 f4 52. Ke4 g5
53. Nd4 Nf6+ 54. Kd3 Ne8 55. Ne6 Nd6 56. Ke2 Kf5 57. Nd4+ Ke4 58. Nf3 g4 59.
Nd2+ Kf5 60. Nf1 Ne4 61. Nh2 Kg5 62. Kd3 Nf6 63. Ke2 Kh4 64. Nf1 Kh3 65. Kf2
Ne4+ 66. Kg1 g3 67. Nd2 Nxd2 0-1